[Event "NatWest Young Masters 5th"]
[Site "London"]
[Date "1988.08.31"]
[Round "1"]
[White "King, Daniel J"]
[Black "Hebden, Mark L"]
[Result "1/2-1/2"]
[WhiteElo "2520"]
[BlackElo "2460"]
[PlyCount "92"]
[EventDate "1988.08.31"]
[EventType "tourn"]
[EventRounds "9"]
[EventCountry "ENG"]
[EventCategory "10"]
[SourceTitle "BritBase"]
[Source "John Saunders"]
[SourceDate "2022.12.30"]
[SourceVersion "1"]
[SourceVersionDate "2022.12.30"]
[SourceQuality "1"]

1. d4 Nf6 2. Nf3 c5 3. d5 g6 4. Nc3 Bg7 5. e4 O-O 6. a4 d6 7. Be2 Na6 8. O-O
Nb4 9. Bf4 b6 10. Qd2 Re8 11. Bb5 Bd7 12. Rfe1 Bxb5 13. axb5 a6 14. bxa6 Nxa6
15. e5 dxe5 16. Nxe5 Nb4 17. Rad1 Nh5 18. Bh6 Bh8 19. Nb5 Bxe5 20. Rxe5 f6 21.
Ree1 Qd7 22. c4 e5 23. dxe6 Qxd2 24. Bxd2 Nd3 25. Nc7 Nxe1 26. Rxe1 Ng7 27. Bc3
Rac8 28. Nxe8 Nxe8 29. g4 Kf8 30. Re3 Rc7 31. f4 h6 32. Rh3 Rh7 33. Rd3 Re7 34.
f5 gxf5 35. gxf5 Rg7+ 36. Rg3 Rxg3+ 37. hxg3 h5 38. Kg2 Ke7 39. Kf3 Nd6 40. Kf4
Nxc4 41. b4 Nd6 42. bxc5 bxc5 43. Ba5 Ne8 44. Bb6 Kd6 45. Ke4 Kc6 46. Bd8 Kd6
1/2-1/2

[Event "NatWest Young Masters 5th"]
[Site "London"]
[Date "1988.09.01"]
[Round "2"]
[White "Hebden, Mark L"]
[Black "McNab, Colin Anderson"]
[Result "1-0"]
[WhiteElo "2460"]
[BlackElo "2410"]
[PlyCount "89"]
[EventDate "1988.08.31"]
[EventType "tourn"]
[EventRounds "9"]
[EventCountry "ENG"]
[EventCategory "10"]
[SourceTitle "BritBase"]
[Source "John Saunders"]
[SourceDate "2022.12.30"]
[SourceVersion "1"]
[SourceVersionDate "2022.12.30"]
[SourceQuality "1"]

1. e4 g6 2. d4 d6 3. Nf3 Nf6 4. e5 dxe5 5. Nxe5 Bg7 6. Bc4 O-O 7. c3 Nbd7 8.
Qe2 Nxe5 9. dxe5 Nd5 10. O-O c6 11. Na3 Bf5 12. Rd1 Qd7 13. Bb3 Qe6 14. Re1
Rad8 15. Nc2 f6 16. exf6 Qxf6 17. Be3 e5 18. Bxa7 Kh8 19. Bxd5 cxd5 20. Ne3 d4
21. Nxf5 d3 22. Qe3 gxf5 23. Rad1 Qa6 24. Bc5 Rfe8 25. a3 Qc4 26. Bb6 Rd5 27.
Qd2 Qb5 28. Be3 Rg8 29. Bg5 Qc6 30. f3 Bf8 31. Kh1 f4 32. Bh4 b5 33. Re4 Qg6
34. g4 fxg3 35. Bxg3 Qh5 36. Qf2 Bc5 37. Qg2 Rf8 38. Ree1 h6 39. a4 Qxf3 40.
Qxf3 Rxf3 41. Rxe5 Rxe5 42. Bxe5+ Kh7 43. axb5 Kg6 44. Bc7 Kf5 45. b4 1-0

[Event "NatWest Young Masters 5th"]
[Site "London"]
[Date "1988.09.01"]
[Round "2"]
[White "Hodgson, Julian M"]
[Black "Kosten, Anthony C"]
[Result "1-0"]
[WhiteElo "2525"]
[BlackElo "2510"]
[PlyCount "77"]
[EventDate "1988.08.31"]
[EventType "tourn"]
[EventRounds "9"]
[EventCountry "ENG"]
[EventCategory "10"]
[SourceTitle "BritBase"]
[Source "John Saunders"]
[SourceDate "2022.12.30"]
[SourceVersion "1"]
[SourceVersionDate "2022.12.30"]
[SourceQuality "1"]

1. d4 Nf6 2. Nf3 e6 3. Bg5 c5 4. e3 Be7 5. Nbd2 b6 6. Bd3 Bb7 7. O-O O-O 8. c3
Nc6 9. a3 cxd4 10. exd4 Nd5 11. Bxe7 Ncxe7 12. Re1 f5 13. c4 Nf4 14. Bf1 Rf6
15. Qb3 Rh6 16. Rad1 g5 17. d5 g4 18. Nd4 Neg6 19. dxe6 dxe6 20. Nxe6 Nxe6 21.
Rxe6 Qh4 22. h3 Rd8 23. c5 Bd5 24. Bc4 Bxe6 25. Bxe6+ Kg7 26. c6 Ne7 27. c7 Rf8
28. Re1 gxh3 29. Nf3 Qf6 30. Bd7 hxg2 31. Re6 Qf7 32. Qc3+ Rf6 33. Ng5 Qh5 34.
Rxe7+ Kg6 35. Nh3 Qd1+ 36. Kxg2 Kh6 37. Qe5 Rg6+ 38. Kh2 f4 39. c8=Q {Source:
BCM, November 1988, p487} 1-0

[Event "NatWest Young Masters 5th"]
[Site "London"]
[Date "1988.08.01"]
[Round "2"]
[White "Rogers, Ian"]
[Black "Norwood, David"]
[Result "0-1"]
[WhiteElo "2540"]
[BlackElo "2470"]
[PlyCount "80"]
[EventDate "1988.08.31"]
[EventType "tourn"]
[EventRounds "9"]
[EventCountry "ENG"]
[EventCategory "10"]
[SourceTitle "BritBase"]
[Source "John Saunders"]
[SourceDate "2022.12.30"]
[SourceVersion "1"]
[SourceVersionDate "2022.12.30"]
[SourceQuality "1"]

1. Nf3 g6 2. c4 Bg7 3. Nc3 c5 4. g3 Nc6 5. Bg2 e5 6. d3 Nge7 7. Nd2 d6 8. Nf1
O-O 9. Ne3 f5 10. Ned5 Nxd5 11. Nxd5 Be6 12. O-O Qd7 13. Rb1 Kh8 14. a3 Rae8
15. b4 b6 16. b5 Ne7 17. a4 Nxd5 18. cxd5 Bg8 19. e4 Rc8 20. Qe2 f4 21. Bf3 Qf7
22. Bd2 Rc7 23. Rb2 Qf6 24. a5 $2 Bxd5 $1 25. axb6 axb6 26. exd5 e4 27. Ra2
exf3 28. Qxf3 fxg3 29. Qxf6 gxh2+ 30. Kxh2 Bxf6 31. Ra6 Rb7 32. Re1 Bd4 33. Bh6
Bg7 34. Be3 h5 35. Kg2 Rf5 36. d4 cxd4 37. Bd2 Rxd5 38. Re6 Kh7 39. Ra3 Re5 40.
Rxd6 Bf8 {Source: (move 23-end) BCM, November 1988, p489} 0-1

[Event "NatWest Young Masters 5th"]
[Site "London"]
[Date "1988.09.02"]
[Round "3"]
[White "Kosten, Anthony C"]
[Black "King, Daniel J"]
[Result "0-1"]
[WhiteElo "2510"]
[BlackElo "2520"]
[PlyCount "81"]
[EventDate "1988.08.31"]
[EventType "tourn"]
[EventRounds "9"]
[EventCountry "ENG"]
[EventCategory "10"]
[SourceTitle "BritBase"]
[Source "John Saunders"]
[SourceDate "2022.12.30"]
[SourceVersion "1"]
[SourceVersionDate "2022.12.30"]
[SourceQuality "1"]

1. e4 c5 2. Nf3 d6 3. d4 cxd4 4. Nxd4 Nf6 5. Nc3 a6 6. Be2 e5 7. Nb3 Be7 8. O-O
O-O 9. Be3 Be6 10. Nd5 Nbd7 11. Qd3 Bxd5 12. exd5 Re8 13. a4 h6 14. a5 Nc5 15.
Qd1 Nxb3 16. cxb3 Nd7 17. b4 Bg5 18. Bxg5 Qxg5 19. b5 e4 20. bxa6 bxa6 21. Ra3
Nf6 22. Bc4 e3 23. f4 Qf5 24. Be2 Nxd5 25. g3 Nf6 26. Qxd6 h5 27. Rc1 h4 28.
Qc5 Qh3 29. Qg5 hxg3 30. Qxg3 Qe6 31. Qf3 Rad8 32. Rc6 Qf5 33. Ra1 Rd4 34. Rf1
Qxa5 35. Rxa6 Qd2 36. Ra3 Qxb2 37. Ra7 Qc2 38. Rfa1 Rd2 39. Kf1 g6 40. Qb7 Rd7
41. Qb6 0-1

[Event "NatWest Young Masters 5th"]
[Site "London"]
[Date "1988.09.02"]
[Round "3"]
[White "Norwood, David"]
[Black "Hodgson, Julian M"]
[Result "1-0"]
[WhiteElo "2470"]
[BlackElo "2525"]
[PlyCount "79"]
[EventDate "1988.08.31"]
[EventType "tourn"]
[EventRounds "9"]
[EventCountry "ENG"]
[EventCategory "10"]
[SourceTitle "BritBase"]
[Source "John Saunders"]
[SourceDate "2022.12.30"]
[SourceVersion "1"]
[SourceVersionDate "2022.12.30"]
[SourceQuality "1"]

1. d4 Nf6 2. Nf3 c5 3. d5 g6 4. Nc3 Bg7 5. e4 O-O 6. Be2 d6 7. h3 b5 8. Nxb5
Nxe4 9. O-O Nd7 10. Bd3 a6 11. Na3 Nef6 12. c4 Nb6 13. Re1 Bb7 14. Rb1 Qd7 15.
Be3 a5 16. Qb3 Ra6 17. Rbd1 a4 18. Qc2 Raa8 19. Nb1 e6 20. dxe6 fxe6 21. Ng5
Qc6 22. f3 Rae8 23. Nc3 Re7 24. Bf2 Bc8 25. Nb5 Rd8 26. Ne4 Nxe4 27. Bxe4 d5
28. Bh4 Ree8 29. Bxd8 Rxd8 30. Bd3 Ba6 31. Qe2 dxc4 32. Bxc4 Rxd1 33. Bxe6+ Kh8
34. Qxd1 Bxb5 35. Qd8+ Qe8 36. Qxb6 Bd4+ 37. Kh1 Bc6 38. Re2 Bd5 39. Qd6 Ba8
40. Bd5 1-0

[Event "NatWest Young Masters 5th"]
[Site "London"]
[Date "1988.09.03"]
[Round "4"]
[White "Hodgson, Julian M"]
[Black "Westerinen, Heikki MJ"]
[Result "1-0"]
[WhiteElo "2525"]
[BlackElo "2395"]
[PlyCount "103"]
[EventDate "1988.08.31"]
[EventType "tourn"]
[EventRounds "9"]
[EventCountry "ENG"]
[EventCategory "10"]
[SourceTitle "BritBase"]
[Source "John Saunders"]
[SourceDate "2022.12.30"]
[SourceVersion "1"]
[SourceVersionDate "2022.12.30"]
[SourceQuality "1"]

1. d4 Nf6 2. Nf3 g6 3. Nc3 d5 4. Bf4 Bg7 5. e3 O-O 6. Be2 c5 7. dxc5 Qa5 8. Nd2
Qxc5 9. Nb3 Qb6 10. Nb5 Na6 11. Be5 Bf5 12. O-O Rfd8 13. Bd4 Qc6 14. c3 b6 15.
Be5 Qb7 16. a4 Nc5 17. N3d4 Bd7 18. b4 Nce4 19. f3 a6 20. fxe4 axb5 21. exd5
Qxd5 22. Bxf6 Bxf6 23. Bf3 Qe5 24. Bxa8 Qxe3+ 25. Kh1 Rxa8 26. axb5 Rc8 27. Ra7
Be8 28. Nc6 Kg7 29. Nxe7 Bxe7 30. Re1 Rd8 31. Qa1 Qf2 32. Raxe7 Rd2 33. c4+ Kh6
34. Rg1 Bd7 35. Qe5 Be6 36. Rxe6 fxe6 37. Qxe6 Re2 38. Qh3+ Kg7 39. Qc3+ Kh6
40. Qc1+ Kg7 41. c5 Rc2 42. Qa1+ Kh6 43. c6 Qe2 44. Qf1 Qe4 45. Qf8+ Kg5 46.
Qd8+ Kh6 47. Qxb6 Qxb4 48. Qe3+ Kg7 49. Qe5+ Kh6 50. h3 Rc5 51. Qe3+ Kg7 52.
Rc1 1-0

[Event "NatWest Young Masters 5th"]
[Site "London"]
[Date "1988.09.03"]
[Round "4"]
[White "King, Daniel J"]
[Black "Norwood, David"]
[Result "1/2-1/2"]
[WhiteElo "2520"]
[BlackElo "2470"]
[PlyCount "34"]
[EventDate "1988.08.31"]
[EventType "tourn"]
[EventRounds "9"]
[EventCountry "ENG"]
[EventCategory "10"]
[SourceTitle "BritBase"]
[Source "John Saunders"]
[SourceDate "2022.12.30"]
[SourceVersion "1"]
[SourceVersionDate "2022.12.30"]
[SourceQuality "1"]

1. e4 d6 2. d4 Nf6 3. Nc3 g6 4. Nf3 Bg7 5. Be2 O-O 6. O-O c6 7. Bf4 Nbd7 8. Qd2
Qc7 9. e5 Ne8 10. Qe3 Nb6 11. Rfe1 Bf5 12. Rac1 Rd8 13. a4 a5 14. Bh6 f6 15.
exd6 Nxd6 16. Bxg7 Kxg7 17. Bf1 Rfe8 1/2-1/2

[Event "NatWest Young Masters 5th"]
[Site "London"]
[Date "1988.09.04"]
[Round "5"]
[White "Kosten, Anthony C"]
[Black "Hebden, Mark L"]
[Result "1/2-1/2"]
[WhiteElo "2510"]
[BlackElo "2460"]
[PlyCount "28"]
[EventDate "1988.08.31"]
[EventType "tourn"]
[EventRounds "9"]
[EventCountry "ENG"]
[EventCategory "10"]
[SourceTitle "BritBase"]
[Source "John Saunders"]
[SourceDate "2022.12.30"]
[SourceVersion "1"]
[SourceVersionDate "2022.12.30"]
[SourceQuality "1"]

1. c4 g6 2. Nc3 Bg7 3. g3 Nf6 4. Bg2 O-O 5. d3 Nc6 6. Rb1 e6 7. b4 d5 8. b5 Ne7
9. Qb3 a6 10. a4 axb5 11. axb5 c5 12. e4 dxc4 13. dxc4 Ng4 14. Nge2 f5 1/2-1/2

[Event "NatWest Young Masters 5th"]
[Site "London"]
[Date "1988.09.04"]
[Round "5"]
[White "McNab, Colin Anderson"]
[Black "Hodgson, Julian M"]
[Result "1/2-1/2"]
[WhiteElo "2410"]
[BlackElo "2525"]
[PlyCount "101"]
[EventDate "1988.08.31"]
[EventType "tourn"]
[EventRounds "9"]
[EventCountry "ENG"]
[EventCategory "10"]
[SourceTitle "BritBase"]
[Source "John Saunders"]
[SourceDate "2022.12.30"]
[SourceVersion "1"]
[SourceVersionDate "2022.12.30"]
[SourceQuality "1"]

1. c4 e5 2. Nc3 Bb4 3. Qc2 Nf6 4. Nf3 Nc6 5. Nd5 O-O 6. a3 Bc5 7. e3 a5 8. Ng5
g6 9. Nxf6+ Qxf6 10. Ne4 Qe7 11. Nxc5 Qxc5 12. Bd3 a4 13. O-O d6 14. Rb1 b6 15.
b4 axb3 16. Rxb3 Ba6 17. Bb2 Na5 18. Rc3 Bb7 19. f4 Qc6 20. Rf2 exf4 21. Bf1
Qe4 22. Qc1 Nc6 23. Rxf4 Qe7 24. Rb3 Ne5 25. Qc3 Rae8 26. a4 Ba8 27. a5 bxa5
28. Qxa5 Rb8 29. Rxb8 Rxb8 30. Qc3 Qg5 31. c5 h5 32. cxd6 cxd6 33. g3 Qe7 34.
Rb4 Qe8 35. Rxb8 Qxb8 36. Ba6 Kh7 37. Kf1 Qb6 38. Bd3 Qb7 39. e4 Qe7 40. Bc2
Qf6+ 41. Ke2 Bb7 42. Qe3 Qe6 43. Bxe5 dxe5 44. Bb3 Qd7 45. d3 Kg7 46. Qc5 Qg4+
47. Kd2 Qg5+ 48. Kc2 Qf6 49. Bd5 Ba6 50. Bc4 Bb7 51. Bd5 1/2-1/2

[Event "NatWest Young Masters 5th"]
[Site "London"]
[Date "1988.09.04"]
[Round "5"]
[White "Westerinen, Heikki MJ"]
[Black "King, Daniel J"]
[Result "0-1"]
[WhiteElo "2395"]
[BlackElo "2520"]
[PlyCount "121"]
[EventDate "1988.08.31"]
[EventType "tourn"]
[EventRounds "9"]
[EventCountry "ENG"]
[EventCategory "10"]
[SourceTitle "BritBase"]
[Source "John Saunders"]
[SourceDate "2022.12.30"]
[SourceVersion "1"]
[SourceVersionDate "2022.12.30"]
[SourceQuality "1"]

1. e4 c5 2. Nf3 d6 3. d4 cxd4 4. Nxd4 Nf6 5. Nc3 a6 6. a4 e6 7. Bd3 b6 8. O-O
Bb7 9. f4 Nbd7 10. Qf3 Nc5 11. Be3 Rc8 12. Rae1 Be7 13. Kh1 Qd7 14. Bg1 g6 15.
Nb3 O-O 16. Qe2 d5 17. e5 Nfe4 18. Nxe4 Nxe4 19. Bxb6 Qxa4 20. Ra1 Qd7 21. Bd4
Nc5 22. Nxc5 Bxc5 23. Bxc5 Rxc5 24. Bxa6 Bxa6 25. Rxa6 Rb8 26. c3 Qb7 27. Ra2
Qb3 28. Rfa1 d4 29. Ra3 Qxb2 30. Qxb2 Rxb2 31. cxd4 Rcc2 32. Rg1 Rf2 33. Rf3
Rxf3 34. gxf3 Rf2 35. Rg3 Rd2 36. Rg4 h5 37. Rh4 Rxd4 38. Kg2 Rd2+ 39. Kg3 Kf8
40. Rh3 Ke7 41. Rh4 Kd7 42. Rh3 Re2 43. Rh4 Kc6 44. Rh3 Kd5 45. Kh4 Rg2 46. Rg3
Rxh2+ 47. Kg5 Ra2 48. Rg1 Kd4 49. Re1 Ra5 50. Re4+ Kd3 51. Re1 Kd2 52. Re4 Ra3
53. Rd4+ Rd3 54. Rd6 Ke3 55. Kf6 h4 56. Kxf7 h3 57. Ra6 Kxf4 58. Kxe6 h2 59.
Ra1 Re3 60. Ra4+ Kxf3 61. Ra1 0-1

[Event "NatWest Young Masters 5th"]
[Site "London"]
[Date "1988.09.05"]
[Round "6"]
[White "Adams, Michael"]
[Black "Westerinen, Heikki MJ"]
[Result "1-0"]
[WhiteElo "2460"]
[BlackElo "2395"]
[PlyCount "63"]
[EventDate "1988.08.31"]
[EventType "tourn"]
[EventRounds "9"]
[EventCountry "ENG"]
[EventCategory "10"]
[SourceTitle "BritBase"]
[Source "John Saunders"]
[SourceDate "2022.12.30"]
[SourceVersion "1"]
[SourceVersionDate "2022.12.30"]
[SourceQuality "1"]

1. e4 e5 2. Nf3 Nc6 3. Bb5 a6 4. Ba4 Nf6 5. O-O Be7 6. Re1 b5 7. Bb3 d6 8. c3
O-O 9. h3 Na5 10. Bc2 c5 11. d4 Nc6 12. d5 Na7 13. Nbd2 c4 14. Nf1 a5 15. Ne3
Qc7 16. Qe2 Nh5 17. a4 Nf4 18. Qf1 Bd7 19. Nf5 Rae8 20. axb5 Bxb5 21. Bxf4 exf4
22. Ba4 Rb8 23. Bxb5 Rxb5 24. Nxe7+ Qxe7 25. Qxc4 Rfb8 26. e5 $1 Rxb2 27. Qxf4
Nb5 28. c4 Rb4 29. Rxa5 Qc7 30. Rxb5 R8xb5 31. exd6 Qd8 32. d7 {Source: BCM,
November 1988, p488} (32. d7 Qxd7 33. Qf5 $1 $18) 1-0

[Event "NatWest Young Masters 5th"]
[Site "London"]
[Date "1988.09.05"]
[Round "6"]
[White "Hebden, Mark L"]
[Black "Rogers, Ian"]
[Result "1-0"]
[WhiteElo "2460"]
[BlackElo "2540"]
[PlyCount "65"]
[EventDate "1988.08.31"]
[EventType "tourn"]
[EventRounds "9"]
[EventCountry "ENG"]
[EventCategory "10"]
[SourceTitle "BritBase"]
[Source "John Saunders"]
[SourceDate "2022.12.30"]
[SourceVersion "1"]
[SourceVersionDate "2022.12.30"]
[SourceQuality "1"]

1. d4 Nf6 2. Nf3 d5 3. c4 e6 4. Nc3 Nbd7 5. Bg5 Bb4 6. e3 c5 7. cxd5 exd5 8.
Bd3 Qa5 9. Qc2 c4 10. Bf5 O-O 11. O-O g6 12. Bxd7 Nxd7 13. e4 Nb6 14. e5 Re8
15. Nh4 Bd7 16. f4 Na4 17. Rac1 Nxc3 18. bxc3 Ba3 19. f5 Ba4 20. Qd2 Qc7 21.
Rce1 a5 22. e6 fxe6 23. fxg6 Rf8 24. Bh6 Rxf1+ 25. Rxf1 Qe7 26. Qf4 e5 27. Qf7+
Qxf7 28. gxf7+ Kh8 29. dxe5 Bf8 30. Nf5 Bxh6 31. Nxh6 Kg7 32. e6 Kf8 33. Ng8 {
Source: BCM, November 1988, p488} 1-0

[Event "NatWest Young Masters 5th"]
[Site "London"]
[Date "1988.09.05"]
[Round "6"]
[White "King, Daniel J"]
[Black "McNab, Colin Anderson"]
[Result "1/2-1/2"]
[WhiteElo "2520"]
[BlackElo "2410"]
[PlyCount "104"]
[EventDate "1988.08.31"]
[EventType "tourn"]
[EventRounds "9"]
[EventCountry "ENG"]
[EventCategory "10"]
[SourceTitle "BritBase"]
[Source "John Saunders"]
[SourceDate "2022.12.30"]
[SourceVersion "1"]
[SourceVersionDate "2022.12.30"]
[SourceQuality "1"]

1. e4 g6 2. d4 d6 3. Nf3 Nf6 4. Nc3 Bg7 5. h3 O-O 6. Be3 d5 7. e5 Ne4 8. Nxe4
dxe4 9. Nd2 c5 10. c3 cxd4 11. cxd4 f5 12. Bc4+ Kh8 13. f4 Nc6 14. O-O b5 15.
Bxb5 Nxd4 16. Bc4 Be6 17. Rc1 Bxc4 18. Nxc4 Ne6 19. h4 Qe8 20. Na5 Qb5 21. Qb3
Qxb3 22. Nxb3 Kg8 23. Rc6 Kf7 24. Rfc1 Rfd8 25. Ra6 Rdc8 26. g3 h6 27. Kf2 g5
28. h5 gxf4 29. gxf4 Rxc1 30. Nxc1 Rc8 31. Ne2 Rc2 32. Rxa7 Bxe5 33. Ra5 Nd4
34. Bxd4 Bxd4+ 35. Kf1 Rc5 36. Rxc5 Bxc5 37. a4 e5 38. a5 Ke6 39. a6 exf4 40.
Nxf4+ Kd6 41. b4 Ba7 42. Ng6 f4 43. Nxf4 Kc6 44. Ne6 Kb5 45. Ng7 Kxa6 46. Nf5
Kb5 47. Nxh6 Be3 48. Ng4 Bc1 49. Ke2 Kxb4 50. Ne3 Kc5 51. h6 Bb2 52. h7 Bf6
1/2-1/2

[Event "NatWest Young Masters 5th"]
[Site "London"]
[Date "1988.09.06"]
[Round "7"]
[White "Norwood, David"]
[Black "Hebden, Mark L"]
[Result "1/2-1/2"]
[WhiteElo "2470"]
[BlackElo "2460"]
[PlyCount "21"]
[EventDate "1988.08.31"]
[EventType "tourn"]
[EventRounds "9"]
[EventCountry "ENG"]
[EventCategory "10"]
[SourceTitle "BritBase"]
[Source "John Saunders"]
[SourceDate "2022.12.30"]
[SourceVersion "1"]
[SourceVersionDate "2022.12.30"]
[SourceQuality "1"]

1. Nf3 Nf6 2. g3 g6 3. Bg2 Bg7 4. O-O O-O 5. d3 d5 6. Nbd2 Nc6 7. c3 a5 8. a4
e5 9. e4 h6 10. Qe2 Re8 11. Rd1 1/2-1/2

[Event "NatWest Young Masters 5th"]
[Site "London"]
[Date "1988.09.06"]
[Round "7"]
[White "Westerinen, Heikki MJ"]
[Black "Kosten, Anthony C"]
[Result "1/2-1/2"]
[WhiteElo "2395"]
[BlackElo "2510"]
[PlyCount "88"]
[EventDate "1988.08.31"]
[EventType "tourn"]
[EventRounds "9"]
[EventCountry "ENG"]
[EventCategory "10"]
[SourceTitle "BritBase"]
[Source "John Saunders"]
[SourceDate "2022.12.30"]
[SourceVersion "1"]
[SourceVersionDate "2022.12.30"]
[SourceQuality "1"]

1. e4 c5 2. Nf3 Nc6 3. d4 cxd4 4. Nxd4 Nf6 5. Nc3 d6 6. f4 Qb6 7. Nb3 e6 8. Qf3
Be7 9. Be3 Qc7 10. Bd3 a6 11. O-O O-O 12. Rae1 Nb4 13. Qh3 Nxd3 14. cxd3 b5 15.
Rc1 Qd8 16. Nd4 Bb7 17. g4 Rc8 18. Rcd1 Re8 19. Rd2 Nd7 20. g5 b4 21. Nd1 Nc5
22. Nf2 e5 23. Nf5 exf4 24. Bxf4 Ne6 25. Be3 Bxg5 26. Ng4 Rc7 27. Rg2 f6 28.
Bb6 Nf4 29. Qg3 Nxg2 30. Bxc7 Qxc7 31. Kxg2 h5 32. h4 hxg4 33. hxg5 Re6 34.
Qxg4 fxg5 35. Nxg7 Rg6 36. Nf5 Bc8 37. Ne7+ Qxe7 38. Qxc8+ Kg7 39. Rh1 Rh6 40.
Rxh6 Kxh6 41. Qxa6 Qf6 42. b3 g4 43. Qc4 Qf3+ 44. Kg1 Qg3+ 1/2-1/2

[Event "NatWest Young Masters 5th"]
[Site "London"]
[Date "1988.09.07"]
[Round "8"]
[White "Hebden, Mark L"]
[Black "Hodgson, Julian M"]
[Result "1/2-1/2"]
[WhiteElo "2460"]
[BlackElo "2525"]
[PlyCount "23"]
[EventDate "1988.08.31"]
[EventType "tourn"]
[EventRounds "9"]
[EventCountry "ENG"]
[EventCategory "10"]
[SourceTitle "BritBase"]
[Source "John Saunders"]
[SourceDate "2022.12.30"]
[SourceVersion "1"]
[SourceVersionDate "2022.12.30"]
[SourceQuality "1"]

1. e4 c6 2. d4 d5 3. exd5 cxd5 4. c4 Nf6 5. Nc3 e6 6. Nf3 Bb4 7. cxd5 exd5 8.
Ne5 O-O 9. Bd3 Nc6 10. O-O Nxd4 11. Bxh7+ Nxh7 12. Qxd4 1/2-1/2

[Event "NatWest Young Masters 5th"]
[Site "London"]
[Date "1988.09.09"]
[Round "9"]
[White "Hodgson, Julian M"]
[Black "King, Daniel J"]
[Result "1/2-1/2"]
[WhiteElo "2525"]
[BlackElo "2520"]
[PlyCount "32"]
[EventDate "1988.08.31"]
[EventType "tourn"]
[EventRounds "9"]
[EventCountry "ENG"]
[EventCategory "10"]
[SourceTitle "BritBase"]
[Source "John Saunders"]
[SourceDate "2022.12.30"]
[SourceVersion "1"]
[SourceVersionDate "2022.12.30"]
[SourceQuality "1"]

1. d4 Nf6 2. c4 e6 3. Nc3 d5 4. Bg5 Be7 5. Nf3 h6 6. Bh4 O-O 7. e3 b6 8. Bd3
Bb7 9. O-O Nbd7 10. Qe2 c5 11. Rfd1 Ne4 12. Bxe7 Qxe7 13. Rac1 Nxc3 14. Rxc3
dxc4 15. Bxc4 Rac8 16. dxc5 Nxc5 1/2-1/2

[Event "NatWest Young Masters 5th"]
[Site "London"]
[Date "1988.09.09"]
[Round "9"]
[White "Westerinen, Heikki MJ"]
[Black "Hebden, Mark L"]
[Result "1-0"]
[WhiteElo "2395"]
[BlackElo "2460"]
[PlyCount "71"]
[EventDate "1988.08.31"]
[EventType "tourn"]
[EventRounds "9"]
[EventCountry "ENG"]
[EventCategory "10"]
[SourceTitle "BritBase"]
[Source "John Saunders"]
[SourceDate "2022.12.30"]
[SourceVersion "1"]
[SourceVersionDate "2022.12.30"]
[SourceQuality "1"]

1. e4 e5 2. f4 exf4 3. Bc4 Qh4+ 4. Kf1 Nf6 5. Nf3 Qh5 6. Nc3 c6 7. Qe2 Bb4 8.
e5 Ng4 9. Ne4 O-O 10. c3 Be7 11. d4 Kh8 12. Bxf4 Na6 13. Re1 Nh6 14. h3 Nc7 15.
Bd3 Ne6 16. Ng3 Nxf4 17. Qd2 Nxd3 18. Nxh5 Nxe1 19. Kxe1 Nf5 20. h4 d5 21. Ng5
f6 22. g4 fxg5 23. hxg5 Nxd4 24. cxd4 Bxg4 25. g6 Rf3 26. Nxg7 Kg8 27. Rxh7 Bb4
28. Qxb4 Raf8 29. Qe7 Rf1+ 30. Kd2 R8f2+ 31. Kc3 c5 32. Rh8+ Kxh8 33. Qh4+ Kg8
34. Qh7+ Kf8 35. Qh8+ Ke7 36. Qe8# {Source: BCM, November 1988, p489} 1-0